000 00311nam a22001457a 4500
008 230322b ||||| |||| 00| 0 eng d
020 _a9780815631712
041 _aeng
080 _a94
082 _a94GRA
100 _a30
101 _aHISTORI
245 _aTHE RISE OF THE RICH
_cGRAN P
942 _2udc
_cBK
999 _c59424
_d59424